Finite Element Methods in structural mechanics, 1st Ed (Record no. 313898)

000 -LEADER
fixed length control field 00507 a2200181 4500
001 - CONTROL NUMBER
control field 78825
082 ## - DEWEY DECIMAL CLASSIFICATION NUMBER
Classification number 624.17101515 ROS
090 ## - LOCALLY ASSIGNED LC-TYPE CALL NUMBER (OCLC); LOCAL CALL NUMBER (RLIN)
-- 39456
-- 39456
100 ## - MAIN ENTRY--PERSONAL NAME
Personal name Ross, C. T.F.
245 ## - TITLE STATEMENT
Title Finite Element Methods in structural mechanics, 1st Ed
Remainder of title C.T.F Ross
Medium English
250 ## - EDITION STATEMENT
Edition statement 1st Ed
260 ## - PUBLICATION, DISTRIBUTION, ETC.
Place of publication, distribution, etc. NY
Name of publisher, distributor, etc. Ellis Harwood LTD
Date of publication, distribution, etc. 1985
300 ## - PHYSICAL DESCRIPTION
Extent 320p.
Other physical details Photocopy
500 ## - GENERAL NOTE
General note BE textbook Aerospace
600 ## - SUBJECT ADDED ENTRY--PERSONAL NAME
Title of a work structural mechanics
650 ## - SUBJECT ADDED ENTRY--TOPICAL TERM
Topical term or geographic name entry element structural mechanics
740 ## - ADDED ENTRY--UNCONTROLLED RELATED/ANALYTICAL TITLE
Medium English
942 ## - ADDED ENTRY ELEMENTS (KOHA)
Institution code [OBSOLETE] NUST-CAE
Call number prefix 624.17101515 ROS
Holdings
Withdrawn status Lost status Damaged status Not for loan Collection code Permanent Location Current Location Date acquired Total Checkouts Full call number Barcode Date last seen Price effective from Koha item type
          College of Aeronautical Engineering (CAE) College of Aeronautical Engineering (CAE) 04/03/2017   624.17101515 ROS CAE69628A 04/05/2017 04/05/2017 Book
© 2023 Central Library, National University of Sciences and Technology. All Rights Reserved.